000 00670nam a2200253Ia 4500
003 OSt
005 20221005060432.0
006 a|||||r|||| 00| 0
007 ta
008 221004b |||||||| |||| 00| 0 eng d
024 _a25413
037 _cTextual
040 _aCRL
_cCRL
_beng
041 _2eng
_aeng
082 _aX, K1.1;1
100 _aWicksell Knut
245 0 _aLectures on political economy Ed by Lionel Robbins Tr by E Classen. V1
260 _aLondon
_bRoutledge & Kegan Paul
_c1961
300 _a299p.
_ccm.
490 _vV1
650 _aECONOMICS
942 _hX, K1.1;1
_cTEXL
_2cc
999 _c966695
_d966695